Countries that Border the Democratic Republic of the Congo (DRC) - Statistics

General Stats
  • This quiz has been taken 16 times
  • The average score is 7 of 9
Answer Stats
Countries % Correct
Central African Republic
100%
Republic of the Congo
100%
Uganda
100%
Angola
83%
Burundi
75%
Tanzania
75%
Zambia
75%
Rwanda
67%
Sudan
50%
No matching quizzes found
Score Distribution
Percent of People with Each Score
Percentile by Number Answered
Your Score History
You have not taken this quiz